000 00533nam a22001697a 4500
005 20231107074607.0
008 231107b |||||||| |||| 00| 0 eng d
020 _a0409059315
041 _aEnglish
082 _a346.43 VAN
100 _aVan der Merwe, CG
_lEnglish
245 _aSectional Titles, Share Blocks and Time-sharing /
_cCG Van der Merwe
260 _aDurban :
_bButterworth Publishers (Pty) Ltd,
_c1995
300 _bxvi,
_c26 cm.
650 _aLegal practice
_bLaw
942 _cBK
_6ALISON_BN_VRIES
999 _c349
_d349